000 00676nam a2200217Ia 4500
003 GCL
005 20240530103132.0
008 140319s9999 xx 000 0 ara d
040 _aGCL /
_cGCL
082 0 4 _a658.02
_bح ا
100 1 _aحامد احمد رمضان بدر
245 1 0 _aالادارة الاستراتيجية /
_cحامد احمد رمضان بدر
260 _aالقاهرة :
_bدار النهضة العربية ،
_c1994
300 _a312 ص
650 0 4 _aادارة الاعمال
650 0 4 _aالادارة
650 0 4 _aالتسويق
650 0 4 _aادارة الافراد
650 0 4 _aاتخاذ القرارات
942 _2ddc
_cBK
999 _c37086
_d37086